[Event "Nationale I Jeune, Cannes"]
[Site "Cannes"]
[Date "1998.??.??"]
[Round "?"]
[White "Laurens, Julia"]
[Black "Valles, Manuel"]
[Result "1-0"]
[WhiteElo "2790"]
[BlackElo "2700"]
[PlyCount "67"]
[EventDate "1998.??.??"]
[Source "www.chesslib.no"]
[SourceDate "2004.05.04"]

1. e4 e5 2. Nf3 Nc6 3. Bc4 Nf6 4. d3 Bc5 5. Bg5 h6 6. Bh4 g5 7. Bg3 Nd4 8. Bxe5 Nxf3+ 9. Qxf3 Be7 10. O-O d6 11. Bc3 Bg4 12. Qe3 Rh7 13. h3 Be6 14. Nd2 Bxc4 15. Nxc4 d5 16. exd5 Nxd5 17. Qe4 f5 18. Qxf5 Rf7 19. Qe5 Qd7 20. Qh8+ Bf8 21. Rfe1+ Re7 22. Rxe7+ Nxe7 23. Bg7 Qf5 24. Qxh6 O-O-O 25. Bxf8 Rxf8 26. Rf1 Nd5 27. a3 b5 28. Nd2 Ne3 29. fxe3 Qc5 30. Qxf8+ Qxf8 31. Rxf8+ Kd7 32. Rg8 Ke6 33. Rxg5 a6 34. Rg6+ 1-0

[Event "DANMJ"]
[Site "?"]
[Date "1998.??.??"]
[Round "?"]
[White "Pronstad, Thomas"]
[Black "Breivik, Tallak H"]
[Result "1-0"]
[WhiteElo "2650"]
[BlackElo "2800"]
[PlyCount "97"]
[EventDate "1998.??.??"]
[Source "www.chesslib.no"]
[SourceDate "2004.05.04"]

1. e4 e5 2. Nf3 Nc6 3. Bc4 Nf6 4. d3 Be7 5. Nc3 d6 6. h3 Be6 7. Bb3 O-O 8. O-O Qd7 9. Be3 Bxb3 10. axb3 d5 11. exd5 Nxd5 12. Nd2 f5 13. Nxd5 Qxd5 14. f3 Nd4 15. Ra4 Ne6 16. Re1 Bc5 17. Nf1 Nf4 18. Qd2 Rf6 19. Kh2 Bxe3 20. Qxe3 Rg6 21. Ng3 Re8 22. Rxf4 Rxg3 23. Rxf5 Rg6 24. Rxe5 Qd6 25. Kg1 Rxe5 26. Qxe5 Qxe5 27. Rxe5 Rc6 28. c3 Kf7 29. Re4 Ra6 30. Ra4 Rb6 31. Rb4 Rxb4 32. cxb4 b5 33. Kf2 Ke6 34. Ke3 Ke5 35. f4+ Kd5 36. g4 a6 37. h4 c6 38. h5 g6 39. hxg6 hxg6 40. d4 Kd6 41. Ke4 Ke6 42. f5+ gxf5+ 43. gxf5+ Kf6 44. Kf4 Kf7 45. Ke5 Ke7 46. f6+ Kf7 47. Kd6 Kxf6 48. Kxc6 Ke6 49. d5+ 1-0

[Event "RUS"]
[Site "?"]
[Date "2006.04.22"]
[Round "3"]
[White "Gelfand Boris"]
[Black "Sutovsky Emil"]
[Result "1-0"]
[WhiteElo "2727"]
[BlackElo "2628"]
[PlyCount "85"]
[EventDate "2006.??.??"]
[Source "www.chesslib.no"]
[SourceDate "2004.05.04"]

1. e4 e5 2. Nf3 Nc6 3. Bc4 Nf6 4. d3 Be7 5. O-O O-O 6. Re1 d6 7. a4 Nd4 8. Nxd4 exd4 9. c3 dxc3 10. Nxc3 Be6 11. Qb3 Qc8 12. d4 Bxc4 13. Qxc4 c6 14. Qd3 Qe6 15. f4 d5 16. e5 Ne4 17. Nxe4 dxe4 18. Rxe4 Rad8 19. Qf3 g6 20. Be3 h5 21. h3 h4 22. Bf2 Qf5 23. Rae1 Rd5 24. Qb3 b6 25. e6 fxe6 26. Rxe6 Qxf4 27. Qc2 Bf6 28. Qxg6+ Bg7 29. Be3 Qg3 30. Bh6 Qxg6 31. Rxg6 Rf7 32. Re4 Kh7 33. Rxg7+ Rxg7 34. Bxg7 Kxg7 35. Rg4+ Kf6 36. Rxh4 c5 37. dxc5 Rxc5 38. b4 Rc1+ 39. Kh2 Ra1 40. b5 Ra3 41. Rc4 Kg5 42. h4+ Kf5 43. g3 1-0

[Event "ch-Euro Blitz"]
[Site "Ajaccio FRA"]
[Date "2007.10.25"]
[Round "16"]
[White "Landa, K."]
[Black "Fressinet, L."]
[Result "1/2-1/2"]
[WhiteElo "2678"]
[BlackElo "2654"]
[PlyCount "138"]
[EventDate "2007.10.25"]
[Source "www.chesslib.no"]
[SourceDate "2004.05.04"]

1. e4 e5 2. Nf3 Nc6 3. Bc4 Nf6 4. d3 Be7 5. O-O O-O 6. Re1 d6 7. a4 Na5 8. Ba2 c5 9. Nc3 Nc6 10. Bg5 Ne8 11. Bxe7 Nxe7 12. Nd5 Be6 13. c3 Bxd5 14. exd5 Nf6 15. d4 exd4 16. cxd4 Nexd5 17. dxc5 dxc5 18. Ne5 Nb4 19. Bc4 Qc7 20. Qb3 Nc6 21. Nxc6 bxc6 22. Qe3 Qa5 23. b3 Rfe8 24. Qc1 Nd5 25. Kf1 Nb6 26. Qc2 Qb4 27. Bd3 g6 28. Rad1 Rad8 29. g3 Rxe1+ 30. Rxe1 Qd4 31. Ba6 Nd5 32. Bc4 Qf6 33. Kg1 Kg7 34. Rd1 Nb4 35. Qc1 Na2 36. Qa1 Qxa1 37. Rxa1 Nb4 38. Re1 Kf6 39. Kg2 Rd2 40. Re3 Nd5 41. Re8 a5 42. Kf3 Rc2 43. Rc8 Nb4 44. Rc7 Ke5 45. Rxf7 h5 46. Re7+ Kd4 47. Re6 g5 48. h3 Nd5 49. Rg6 Nc3 50. Re6 Rc1 51. g4 hxg4+ 52. hxg4 Nb1 53. Kg2 Nd2 54. Rd6+ Kc3 55. Bf7 Nxb3 56. Rxc6 Kb4 57. Rb6+ Kxa4 58. Rxb3 c4 59. Rb7 c3 60. Kf3 c2 61. Rc7 Kb4 62. Bg6 Kb3 63. Rb7+ Kc3 64. Rc7+ Kb3 65. Rb7+ Kc3 66. Ra7 Kb4 67. Rc7 Kb3 68. Rb7+ Kc3 69. Rc7+ Kd4 1/2-1/2

[Event "XXIV ECC"]
[Site "Kallithea GRE"]
[Date "2008.10.23"]
[Round "7"]
[White "Predojevic, B."]
[Black "Bacrot, E."]
[Result "1/2-1/2"]
[WhiteElo "2615"]
[BlackElo "2705"]
[PlyCount "60"]
[EventDate "2008.10.17"]
[Source "www.chesslib.no"]
[SourceDate "2004.05.04"]

1. e4 e5 2. Nf3 Nc6 3. Bc4 Nf6 4. d3 Be7 5. O-O d6 6. a4 Bg4 7. c3 O-O 8. Nbd2 Kh8 9. a5 b6 10. axb6 axb6 11. Rxa8 Qxa8 12. b4 Nd8 13. h3 Be6 14. Bb2 Qb7 15. Re1 b5 16. Bb3 Bxb3 17. Qxb3 Ne6 18. g3 Kg8 19. Ra1 Ra8 20. Rxa8+ Qxa8 21. c4 Qb7 22. Bc3 bxc4 23. Nxc4 Bf8 24. Na5 Qb5 25. Qc4 Qxc4 26. Nxc4 d5 27. Ncxe5 dxe4 28. dxe4 Nxe4 29. Be1 f6 30. Nc6 Kf7 1/2-1/2

[Event "Woburn 72/308"]
[Site "?"]
[Date "1998.??.??"]
[Round "?"]
[White "Yermolinsky, Alex"]
[Black "Shabalov, Alexander"]
[Result "1-0"]
[WhiteElo "2660"]
[BlackElo "2615"]
[PlyCount "83"]
[EventDate "1998.??.??"]
[Source "ChessBase"]
[SourceDate "1998.02.01"]

1. e4 e5 2. Nf3 Nc6 3. Bc4 Nf6 4. d3 Be7 5. O-O O-O 6. Bb3 h6 7. Re1 d6 8. c3 Re8 9. Nbd2 Bf8 10. h3 g6 11. d4 Bg7 12. a3 a6 13. Bc2 Nh5 14. Nf1 Qf6 15. Ne3 Nf4 16. Nd5 Nxd5 17. exd5 Nb8 18. dxe5 dxe5 19. c4 Bf5 20. Bd2 Nd7 21. Bc3 b5 22. cxb5 axb5 23. Rc1 Rad8 24. Bb3 g5 25. Ba5 e4 26. Bc3 Qg6 27. Bxg7 exf3 28. Bd4 fxg2 29. Rxe8+ Rxe8 30. Rc6 Qh7 31. Kxg2 Ne5 32. Bxe5 Rxe5 33. Rxc7 Be4+ 34. f3 g4 35. hxg4 Qg6 36. fxe4 Rxe4 37. Rc3 Kf8 38. Rg3 Qf6 39. Qc2 Qe7 40. Qc8+ Kg7 41. Qc3+ Kg8 42. Bd1 1-0

[Event "Ch Spain (team) (Honor Gr.2)"]
[Site "Lugo (Spain)"]
[Date "2007.07.01"]
[Round "5"]
[White "Areshchenko Alexander (UKR)"]
[Black "Graf Alexander (GER)"]
[Result "1/2-1/2"]
[WhiteElo "2647"]
[BlackElo "2620"]
[PlyCount "67"]
[EventDate "2007.??.??"]
[Source "www.chesslib.no"]
[SourceDate "2004.05.04"]

1. e4 e5 2. Nf3 Nc6 3. Bc4 Nf6 4. d3 Be7 5. O-O O-O 6. Bb3 d6 7. c3 Na5 8. Bc2 c5 9. Nbd2 Nc6 10. Re1 Qc7 11. Nc4 Be6 12. Ne3 Rad8 13. Ng5 Bc8 14. Bb3 h6 15. Nf3 Be6 16. Bd5 Bxd5 17. exd5 Nb8 18. Nd2 g6 19. b3 Nbd7 20. Bb2 Rfe8 21. d4 Bf8 22. dxe5 Nxe5 23. Nf3 Nxf3+ 24. Qxf3 Bg7 25. c4 Ne4 26. Bxg7 Kxg7 27. Ng4 f5 28. Qf4 fxg4 29. Rxe4 h5 30. Rae1 Qf7 31. Qe3 Rxe4 32. Qxe4 Kf8 33. Kf1 Re8 34. Qxe8+ 1/2-1/2

[Event "D0009, DESC"]
[Site "?"]
[Date "1999.??.??"]
[Round "?"]
[White "Preischl, Manfred"]
[Black "Riepe, Bernhard"]
[Result "0-1"]
[WhiteElo "2780"]
[BlackElo "2480"]
[PlyCount "54"]
[EventDate "1999.??.??"]
[Source "www.chesslib.no"]
[SourceDate "2004.05.04"]

1. e4 e5 2. Nf3 Nc6 3. Bc4 Nf6 4. d3 Be7 5. Nc3 d6 6. h3 Na5 7. Bb3 O-O 8. Nh2 Nxb3 9. axb3 Be6 10. f4 exf4 11. Bxf4 c6 12. Qf3 d5 13. g4 dxe4 14. dxe4 Qb6 15. g5 Nd7 16. h4 Rae8 17. O-O-O f6 18. Qg3 Qa5 19. Nf3 Qa1+ 20. Nb1 Nc5 21. gxf6 Rxf6 22. Ng5 Bf7 23. Rdg1 Bf8 24. Bd2 Bd6 25. Qg2 Na4 26. Nxf7 Qxb2+ 27. Kd1 Rxf7 0-1

[Event "Tch (Men) 2005/2006 FRA"]
[Site "?"]
[Date "2006.03.31"]
[Round "5"]
[White "Delchev Aleksander"]
[Black "Mastrovasilis Dimitrios"]
[Result "1/2-1/2"]
[WhiteElo "2661"]
[BlackElo "2573"]
[PlyCount "41"]
[EventDate "2006.??.??"]
[Source "www.chesslib.no"]
[SourceDate "2004.05.04"]

1. e4 e5 2. Nf3 Nc6 3. Bc4 Nf6 4. d3 Be7 5. O-O O-O 6. Re1 d6 7. a4 Kh8 8. a5 Rb8 9. c3 Ng8 10. d4 exd4 11. Nxd4 Nxd4 12. cxd4 f5 13. e5 d5 14. Bd3 f4 15. Nc3 c6 16. Ne2 Bb4 17. Bd2 Bxd2 18. Qxd2 f3 19. Nf4 fxg2 20. Qe3 Bf5 21. a6 1/2-1/2

[Event "Rubinstein mem"]
[Site "Polanica Zdroj"]
[Date "1996.??.??"]
[Round "1"]
[White "Movsesian, Sergei"]
[Black "Huebner, Robert"]
[Result "1/2-1/2"]
[WhiteElo "2635"]
[BlackElo "2595"]
[PlyCount "45"]
[EventDate "1996.08.15"]
[Source "ChessBase"]

1. e4 e5 2. Nf3 Nc6 3. Bc4 Nf6 4. d3 Be7 5. O-O O-O 6. Re1 d6 7. a4 Be6 8. Bxe6 fxe6 9. c3 Qe8 10. Qb3 Nd8 11. Nbd2 Qg6 12. Kh1 Nh5 13. Nf1 Nf4 14. Bxf4 Rxf4 15. Ng3 Qf7 16. Kg1 Rb8 17. Qd1 Nc6 18. b4 Rf8 19. b5 Na5 20. Ra2 c5 21. c4 Qg6 22. h3 R4f7 23. Nh2 1/2-1/2

[Event "Olimpiadi 2008 - open"]
[Site "Dresda GER"]
[Date "2008.11.23"]
[Round "10"]
[White "Perunovic, Mil"]
[Black "Sargissian, G."]
[Result "1/2-1/2"]
[WhiteElo "2580"]
[BlackElo "2642"]
[PlyCount "45"]
[EventDate "2008.11.13"]
[Source "www.chesslib.no"]
[SourceDate "2004.05.04"]

1. e4 e5 2. Nf3 Nc6 3. Bc4 Nf6 4. d3 h6 5. c3 Be7 6. O-O O-O 7. Re1 d6 8. Bb3 Nh7 9. Nbd2 Kh8 10. d4 Ng5 11. Nxg5 Bxg5 12. Nc4 Qf6 13. Bxg5 Qxg5 14. Qd3 Bd7 15. Ne3 Rae8 16. Nd5 Qd8 17. Rad1 f5 18. exf5 Bxf5 19. Qb5 Bc8 20. Qd3 Bf5 21. Qb5 Bc8 22. Qd3 Bf5 23. Qb5 1/2-1/2

[Event "Rethymnon 88/302"]
[Site "?"]
[Date "2003.??.??"]
[Round "?"]
[White "Macieja, B."]
[Black "Bauer, Ch"]
[Result "1-0"]
[WhiteElo "2627"]
[BlackElo "2589"]
[PlyCount "121"]
[EventDate "2003.??.??"]
[Source "Chess Informant"]
[SourceDate "2003.06.01"]

1. e4 e5 2. Nf3 Nc6 3. Bc4 Nf6 4. d3 Be7 5. O-O O-O 6. Re1 d6 7. a4 Kh8 8. a5 a6 9. c3 Ng8 10. d4 f5 11. dxe5 fxe4 12. Rxe4 Bf5 13. Re1 Nxe5 14. Nxe5 dxe5 15. Qe2 Nf6 16. Qxe5 Ne4 17. Bh6 Rf6 18. Bg5 Nxg5 19. Qxe7 Rg6 20. Qxd8+ Rxd8 21. Kf1 h5 22. h4 Nf3 23. gxf3 Bh3+ 24. Ke2 Re8+ 25. Kd1 Rd6+ 26. Nd2 Red8 27. Kc1 Rxd2 28. Re8+ Kh7 29. Rxd8 Rxd8 30. Ra4 Kg6 31. Rb4 Bc8 32. f4 Kf6 33. Be2 Rd5 34. Bf3 Rxa5 35. Bxb7 Ra1+ 36. Kd2 a5 37. Rb5 Bxb7 38. Rxb7 Rh1 39. Rxc7 Rxh4 40. Ke3 Rh3+ 41. Ke4 Rh1 42. Rc6+ Kf7 43. Ra6 Rb1 44. Rxa5 Rxb2 45. Rxh5 Rxf2 46. Re5 Kf6 47. c4 Re2+ 48. Kd4 Rd2+ 49. Ke3 Rd1 50. Rd5 Rc1 51. Kd3 g6 52. Rd4 Ke6 53. Kd2 Rg1 54. c5 Ra1 55. Kc3 Ke7 56. Kb4 Rb1+ 57. Ka5 Rc1 58. Kb6 Rc2 59. c6 Rc1 60. c7 Rb1+ 61. Kc5 1-0

[Event "Monarch Assurance"]
[Site "Isle of Man"]
[Date "2007.09.27"]
[Round "6.2"]
[White "Efimenko, Zahar"]
[Black "Golod, Vitali"]
[Result "1/2-1/2"]
[WhiteElo "2624"]
[BlackElo "2589"]
[PlyCount "63"]
[EventDate "2007.09.22"]
[Source "www.chesslib.no"]
[SourceDate "2004.05.04"]

1. e4 e5 2. Nf3 Nc6 3. Bc4 Nf6 4. d3 Be7 5. O-O O-O 6. Bb3 d6 7. c3 Na5 8. Bc2 c5 9. a3 Nc6 10. b4 a6 11. Nbd2 cxb4 12. axb4 Bd7 13. Nc4 b5 14. Ne3 a5 15. bxa5 Nxa5 16. Ba3 Re8 17. d4 Qc7 18. dxe5 dxe5 19. Bxe7 Rxe7 20. Nd5 Nxd5 21. exd5 Ree8 22. d6 Qd8 23. Be4 Rc8 24. Qb1 g6 25. Bd5 Nc4 26. Ra6 Kg7 27. Re1 Nb6 28. Ba2 f6 29. Ra7 Ra8 30. Rb7 Rb8 31. Rc7 Rc8 32. Ra7 1/2-1/2

[Event "EU-ch 4th"]
[Site "?"]
[Date "2003.06.05"]
[Round "6"]
[White "Kobalija Mihail"]
[Black "Atalik Suat"]
[Result "1-0"]
[WhiteElo "2639"]
[BlackElo "2568"]
[PlyCount "117"]
[EventDate "2003.??.??"]
[Source "www.chesslib.no"]
[SourceDate "2004.05.04"]

1. e4 e5 2. Nf3 Nc6 3. Bc4 Nf6 4. d3 Be7 5. O-O O-O 6. Bb3 d6 7. c3 Na5 8. Bc2 c5 9. Nbd2 Nc6 10. Re1 Re8 11. Nf1 h6 12. h3 Bf8 13. Ng3 Be6 14. d4 cxd4 15. cxd4 exd4 16. Nxd4 Nxd4 17. Qxd4 Nd7 18. Bf4 Rc8 19. Bb3 Nc5 20. Bd5 Qh4 21. Bd2 Be7 22. Bxe6 fxe6 23. Bc3 Bf6 24. Qe3 Bxc3 25. Qxc3 Qf6 26. Qd2 Red8 27. Rac1 a5 28. b3 b6 29. Rc4 Rc7 30. Rd4 Rcd7 31. b4 axb4 32. Qxb4 Ra8 33. Rd2 Qd8 34. Rb1 Ra6 35. Qb5 Qc7 36. Rbd1 Rd8 37. Qe2 Ra4 38. Rd4 Rxd4 39. Rxd4 Qe7 40. Qd2 Rd7 41. Rb4 Qd8 42. Qe2 d5 43. exd5 exd5 44. Rd4 Qf6 45. Qe8+ Kh7 46. Qe3 Qg6 47. Kh2 Qb1 48. a4 Rf7 49. Rg4 Qc2 50. Qd4 Qd3 51. Qe5 Ne4 52. Nh5 g5 53. f3 Nd2 54. Nf6+ Kg6 55. Nxd5 Nxf3+ 56. gxf3 Rxf3 57. Nf4+ Rxf4 58. Qxf4 Qe2+ 59. Kg1 1-0

[Event "Jugoslavija 81/268"]
[Site "?"]
[Date "2001.??.??"]
[Round "?"]
[White "Nevednichy, V."]
[Black "Beliavsky, A."]
[Result "0-1"]
[WhiteElo "2563"]
[BlackElo "2638"]
[PlyCount "128"]
[EventDate "2001.??.??"]
[Source "Chess Informant"]
[SourceDate "2001.02.01"]

1. e4 e5 2. Nf3 Nc6 3. Bc4 Nf6 4. d3 Be7 5. O-O O-O 6. Bb3 d6 7. c3 Na5 8. Bc2 c5 9. Nbd2 Nc6 10. Re1 Re8 11. Nf1 h6 12. h3 Bf8 13. N3h2 d5 14. Qf3 d4 15. Bb3 Na5 16. Ba4 Bd7 17. Bxd7 Nxd7 18. c4 a6 19. Ng3 b5 20. b3 g6 21. Bd2 Nc6 22. Ng4 Qh4 23. Rec1 Bg7 24. Qd1 b4 25. Qf3 a5 26. a4 bxa3 27. Rxa3 Ra6 28. Rca1 Rea8 29. Qe2 Nb4 30. Bc1 Nf8 31. Qd1 Ne6 32. Nh2 h5 33. Nf3 Qe7 34. Ne1 Bf6 35. Nf3 Bg7 36. Ne1 Kh7 37. Nf3 Qf6 38. Ne2 h4 39. Ra4 Qe7 40. Ne1 f5 41. Bd2 Bh6 42. Bxh6 Kxh6 43. Qd2+ Qg5 44. Qxg5+ Kxg5 45. Rd1 Kf6 46. Rd2 Rb8 47. Ra3 Nc6 48. Kh2 Rab6 49. Nc1 Ng5 50. Re2 R6b7 51. Kg1 Ra7 52. Kf1 Ne6 53. Ra4 Rb4 54. Ra1 a4 55. bxa4 Raxa4 56. Rxa4 Rxa4 57. g3 Nb4 58. Kg2 Ra3 59. exf5 gxf5 60. Nf3 Rc3 61. Nxe5 Rxc1 62. Nd7+ Kf7 63. Ne5+ Ke7 64. Ng6+ Kf6 0-1

[Event "Manila (ol)"]
[Site "?"]
[Date "1992.??.??"]
[Round "?"]
[White "Hjartarson, J."]
[Black "Piket, Je"]
[Result "1-0"]
[WhiteElo "2580"]
[BlackElo "2615"]
[PlyCount "87"]
[EventDate "1992.??.??"]
[Source "ChessBase"]
[SourceDate "1992.06.01"]

1. e4 e5 2. Nf3 Nc6 3. Bc4 Nf6 4. d3 Be7 5. O-O O-O 6. Bb3 d6 7. c3 Bg4 8. Nbd2 Nd7 9. h3 Bh5 10. Bc2 Nc5 11. g4 Bg6 12. d4 exd4 13. cxd4 Nd7 14. d5 Nb4 15. Bb1 c6 16. a3 Na6 17. dxc6 bxc6 18. Nd4 Bf6 19. Nc4 Bxd4 20. Qxd4 d5 21. exd5 Ndc5 22. Ba2 Ne6 23. Qe5 cxd5 24. Nd6 Nac7 25. Be3 f6 26. Qg3 f5 27. gxf5 Bxf5 28. Rad1 Rf6 29. Kh2 Bg6 30. Bxd5 Nxd5 31. Rxd5 Qf8 32. Rfd1 Nf4 33. R5d2 Bh5 34. Rg1 Ne2 35. Rxe2 Bxe2 36. Bc5 Rf3 37. Qe5 Rd8 38. Nb7 Re8 39. Rxg7+ Qxg7 40. Qxe8+ Rf8 41. Bxf8 Qxf8 42. Qxe2 Qb8+ 43. f4 Qxf4+ 44. Kg2 1-0

[Event "Corr"]
[Site "?"]
[Date "1999.06.30"]
[Round "?"]
[White "Kofidis Spyros (GRC)"]
[Black "Volchok Alexander"]
[Result "1-0"]
[WhiteElo "2592"]
[BlackElo "2602"]
[PlyCount "23"]
[EventDate "1999.??.??"]
[Source "www.chesslib.no"]
[SourceDate "2004.05.04"]

1. e4 e5 2. Nf3 Nc6 3. Bc4 Nf6 4. d3 h6 5. c3 d6 6. Bb3 g6 7. Nbd2 Bg7 8. Nf1 O-O 9. h3 d5 10. Qe2 dxe4 11. dxe4 Nd5 12. Bxd5 1-0

[Event "Campionato europeo 2007"]
[Site "Dresda GER"]
[Date "2007.04.14"]
[Round "11.16"]
[White "Efimenko, Zahar"]
[Black "Pavasovic, Dusko"]
[Result "0-1"]
[WhiteElo "2620"]
[BlackElo "2567"]
[PlyCount "64"]
[EventDate "2007.04.03"]
[Source "www.chesslib.no"]
[SourceDate "2004.05.04"]

1. e4 e5 2. Nf3 Nc6 3. Bc4 Nf6 4. d3 Be7 5. O-O O-O 6. Bb3 d6 7. c3 Na5 8. Bc2 c5 9. Nbd2 Nc6 10. Re1 Re8 11. a3 Bf8 12. b4 a6 13. Bb2 b5 14. h3 g6 15. d4 c4 16. a4 Bb7 17. d5 Ne7 18. Nf1 Nh5 19. Bc1 Bg7 20. Ng3 Nf4 21. Ra3 h6 22. Be3 Qd7 23. Qd2 f5 24. exf5 Nexd5 25. fxg6 Rf8 26. Nh4 Ne7 27. Kh2 Bxg2 28. Bxf4 Qxh3+ 29. Kg1 Qxh4 30. Bxe5 Bf3 31. Bd1 Bxe5 32. Bxf3 Rxf3 0-1

[Event "Nova Gorica op"]
[Site "Nova Gorica"]
[Date "1997.??.??"]
[Round "6"]
[White "Sermek, Drazen"]
[Black "Malaniuk, Vladimir P"]
[Result "1/2-1/2"]
[WhiteElo "2575"]
[BlackElo "2610"]
[PlyCount "36"]
[EventDate "1997.01.??"]
[Source "www.chesslib.no"]
[SourceDate "2004.05.04"]

1. e4 e5 2. Nf3 Nc6 3. Bc4 Nf6 4. d3 Be7 5. O-O O-O 6. Bb3 d6 7. c3 Na5 8. Bc2 c5 9. b4 cxb4 10. cxb4 Nc6 11. b5 Na5 12. h3 Bd7 13. a4 Qc7 14. Bb2 a6 15. Na3 axb5 16. axb5 Rfc8 17. Re1 Be8 18. Rc1 Qb6 1/2-1/2

[Event "BL 0607 Werder Bremen - SC Bann"]
[Site "Germania"]
[Date "2007.04.01"]
[Round "15.2"]
[White "Efimenko, Zahar"]
[Black "Stocek, Jiri"]
[Result "1/2-1/2"]
[WhiteElo "2612"]
[BlackElo "2572"]
[PlyCount "155"]
[EventDate "2006.10.28"]
[Source "www.chesslib.no"]
[SourceDate "2004.05.04"]

1. e4 e5 2. Nf3 Nc6 3. Bc4 Nf6 4. d3 h6 5. O-O d6 6. c3 Bg4 7. Nbd2 Qd7 8. a4 Be7 9. Re1 Nh7 10. a5 a6 11. d4 exd4 12. Qb3 Bf6 13. e5 dxe5 14. cxd4 O-O 15. dxe5 Bg5 16. h3 Bxd2 17. Nxd2 Be6 18. Bxe6 fxe6 19. Ne4 Nd4 20. Qc3 Qd5 21. Be3 Nb5 22. Qc2 Qxe5 23. Nc5 Qf5 24. Qc4 Qd5 25. Qg4 Nf6 26. Qxe6+ Qxe6 27. Nxe6 Rfe8 28. Nc5 Nd6 29. Bf4 Rxe1+ 30. Rxe1 Re8 31. Kf1 Kf7 32. Rxe8 Nfxe8 33. Ke2 Ke7 34. Kd3 Nf6 35. Be5 Nd5 36. Bxg7 Nf4+ 37. Kd2 Nc4+ 38. Kc3 Nxa5 39. Bxh6 Nxg2 40. Bg5+ Kf7 41. b4 Nc6 42. Nxb7 Kg6 43. Bd2 Kf5 44. Nc5 Ne5 45. Nxa6 c6 46. Nb8 Ke4 47. f4 Nxf4 48. Bxf4 Kxf4 49. h4 Kf5 50. h5 Kg5 51. Kd4 Nf3+ 52. Kd3 Ne5+ 53. Ke4 Nc4 54. Nxc6 Kxh5 55. Kd5 Na3 56. Ne5 Kg5 57. Nc4 Nb5 58. Kc5 Nc3 59. Kd4 Nb5+ 60. Ke5 Kg6 61. Ke6 Kg5 62. Kd7 Kf6 63. Kc6 Nc3 64. Ne3 Ke5 65. Nc2 Ke6 66. Na3 Ke5 67. Nc4+ Ke6 68. Nd2 Ke5 69. Nb3 Ke6 70. Nd4+ Ke5 71. Nf3+ Ke4 72. Nd2+ Kd3 73. Nb1 Nxb1 74. b5 Na3 75. b6 Nc4 76. b7 Na5+ 77. Kc7 Nxb7 78. Kxb7 1/2-1/2

[Event "Mind Sports Games - Rapid Ind"]
[Site "Pechino CINA"]
[Date "2008.10.05"]
[Round "1"]
[White "Kryvoruchko, Y."]
[Black "Kravtsiv, M."]
[Result "0-1"]
[WhiteElo "2627"]
[BlackElo "2549"]
[PlyCount "74"]
[EventDate "2008.10.05"]
[Source "www.chesslib.no"]
[SourceDate "2004.05.04"]

1. e4 e5 2. Nf3 Nc6 3. Bc4 Nf6 4. d3 Be7 5. c3 O-O 6. O-O d5 7. exd5 Nxd5 8. Re1 Bg4 9. h3 Bh5 10. Nbd2 Nb6 11. Bb5 f6 12. Ne4 Qd5 13. Qb3 Bf7 14. Qxd5 Bxd5 15. c4 Bxe4 16. Rxe4 Nb4 17. d4 c5 18. dxc5 Bxc5 19. a3 Nd3 20. Be3 a6 21. b4 Bxe3 22. Rxe3 axb5 23. Rxd3 e4 24. Rd6 Nxc4 25. Rd5 exf3 26. Rxb5 Rf7 27. a4 fxg2 28. a5 Rd7 29. Rc1 Ne5 30. Kxg2 Kf7 31. Rc2 Re8 32. Rb6 Re6 33. Rxe6 Kxe6 34. b5 Rd5 35. b6 Rxa5 36. Rc7 Nd7 37. Rxb7 Rb5 0-1

[Event "32. Chess Olympiad,"]
[Site "32nd Chess Olympiad,"]
[Date "1996.??.??"]
[Round "12"]
[White "Spasov, Vasil V"]
[Black "Kaidanov, Gregory S"]
[Result "1/2-1/2"]
[WhiteElo "2570"]
[BlackElo "2605"]
[PlyCount "59"]
[EventDate "1996.??.??"]
[Source "www.chesslib.no"]
[SourceDate "2004.05.04"]

1. e4 e5 2. Nf3 Nc6 3. Bc4 Nf6 4. d3 Be7 5. O-O O-O 6. Re1 d6 7. a4 Be6 8. Nbd2 h6 9. a5 a6 10. c3 Qd7 11. Qb3 Rab8 12. Nf1 Rfe8 13. Ne3 Bf8 14. Nd5 Bxd5 15. exd5 Ne7 16. Be3 c6 17. dxc6 Nxc6 18. Qa4 d5 19. Bb3 Bd6 20. Bb6 Bc7 21. Re2 Bxb6 22. axb6 Qd6 23. Qa3 Qxa3 24. Rxa3 Re6 25. Ra1 Rd6 26. Ba4 Nb4 27. Bc6 Ng4 28. Re4 Ne3 29. d4 Ra8 30. Be8 1/2-1/2

[Event "Moscow (ol)"]
[Site "?"]
[Date "1994.??.??"]
[Round "?"]
[White "Torre, E."]
[Black "Timman, J."]
[Result "0-1"]
[WhiteElo "2535"]
[BlackElo "2635"]
[PlyCount "70"]
[EventDate "1994.??.??"]
[Source "ChessBase"]
[SourceDate "1994.10.01"]

1. e4 e5 2. Nf3 Nc6 3. Bc4 Nf6 4. d3 Bc5 5. O-O O-O 6. Bg5 h6 7. Bh4 Be7 8. Bb3 d6 9. h3 Na5 10. Ba4 c5 11. Nc3 Be6 12. Nh2 a6 13. Bxf6 Bxf6 14. Ng4 Bg5 15. Bb3 Nxb3 16. axb3 g6 17. Ne3 f5 18. exf5 gxf5 19. Qf3 Qd7 20. Ned5 Rae8 21. Qh5 Qg7 22. f4 exf4 23. Rae1 Bf7 24. Qf3 Qd4+ 25. Kh1 Re5 26. Nb6 Rfe8 27. Rxe5 dxe5 28. Qxb7 e4 29. dxe4 fxe4 30. Rd1 Qe3 31. Nc4 Bxc4 32. bxc4 f3 33. Qd5+ Kh8 34. Rf1 fxg2+ 35. Kxg2 Bf4 0-1